| 000 | 01552nam0a2200361 4500 | ||
|---|---|---|---|
| 001 | RU\NLR\bibl\1433122 | ||
| 005 | 20250615222240.0 | ||
| 010 |
_a978-5-02-032170-0 _9500 |
||
| 021 |
_aRU _b2009-72422 _94498 |
||
| 035 | _a(nilc)RSL-KNO-004381876 | ||
| 035 | _a(NLR Aleph) 001425023 | ||
| 090 |
_a1366685 _c1366685 |
||
| 100 | _a20090914d2008 |||y0rusy50 ca | ||
| 101 | 0 | _arus | |
| 102 | _aRU | ||
| 105 | _ay zzzz||||| | ||
| 200 | 1 |
_aАскольд Муров _eмузыка. Сибирь. Эпоха _fНовосибирская гос. консерватория (акад.) им. М. И. Глинки _gавт.-сост.: к.иск. Л.Л. Пыльнева _gотв. ред.: д.иск. Б. А. Шиндин |
|
| 210 |
_aНовосибирск _cНаука _d2008 |
||
| 215 |
_a444, [3] с., [9] л. портр. _cил., нот. _d25 |
||
| 300 | _aНа авантит.л.: К 80-летию со дня рождения | ||
| 320 | _aНотогр.: 414-434 | ||
| 320 | _aБиблиогр.: с. 435-443 | ||
| 600 | 1 |
_aМуров _bА.Ф. _f1928 - 1996 _gАскольд Федорович _92575295 _3RU\NLR\auth\661522714 |
|
| 686 |
_aЩ313(2Р=Р)7-81Муров А.Ф.1,0 _2rubbk |
||
| 686 | _aЩ313(2Р=Рус)7-81Муров | ||
| 702 | 1 |
_aМуров _bА. Ф. _gАскольд Федорович _4570 |
|
| 702 | 1 |
_aПыльнева _bЛ. Л. _gЛада Леонидовна _4220 |
|
| 801 | 0 |
_aRU _bРКП _c20090914 _grcr |
|
| 801 | 1 |
_aRU _bРГБ _c20090914 |
|
| 801 | 2 |
_aRU _bNLR _c20091102 _grcr |
|
| 942 | _cBOOK | ||
| 980 | _aNB | ||